| 000 | 01195cam a22003617a 4500 | ||
|---|---|---|---|
| 003 | CHAP | ||
| 005 | 20220817043747.0 | ||
| 008 | 010301d2001 mx r 00110 spa d | ||
| 010 | _a83665 | ||
| 011 | _a84637 | ||
| 035 | _a95162 | ||
| 040 | _cCHAP | ||
| 090 | _aTesis | ||
| 100 | 0 | 0 |
_aEsquivel Troncoso, Salvador. _938166 |
| 245 | 1 | 0 |
_aCaracterísticas y usos de los principales sustratos utilizados en los cultivos sin suelo _c/por Salvador Esquivel Troncoso. |
| 260 |
_aChapingo, Méx. : _bEl autor, _c2001. |
||
| 300 |
_a125 h. : _bcuads. |
||
| 502 | _aTesis (Ing. Agr. Esp. en Suelo) -- UACH. Departamento de Suelos. | ||
| 590 |
_aALEPH _b10 _c20130110 _lUCH01 _h1441 |
||
| 590 |
_aBATCH-UPD _b10 _c20130110 _lUCH01 _h0811 |
||
| 590 |
_aBATCH-UPD _b10 _c20130914 _lUCH01 _h1322 |
||
| 590 |
_aCONVERSION _b10 _c20130109 _lUCH01 _h1346 |
||
| 650 | 1 | 4 |
_aHidroponía. _955280 |
| 650 | 1 | 4 |
_aHorticultura. _956291 |
| 650 | 1 | 4 | _aPlantas ornamentales. |
| 650 | 1 | 4 |
_aSustratos. _9110789 |
| 650 | 1 | 4 |
_aViveros. _9120096 |
| 901 | _aBK | ||
| 905 | _aEdna Luz | ||
| 942 | _cFOLL | ||
| 949 |
_bBC _cTES _d33724000818597 _eTS2 _fc.2 _h37955 _i95162 _si |
||
| 949 |
_bBC _cTES _d951621 _eTS1 _h37954 _i95162 _sb |
||
| 999 |
_c83665 _d83665 |
||